Pixelated Animals Quiz #1 - Statistics

General Stats
  • This quiz has been taken 31 times
  • The average score is 16 of 16
Answer Stats
Picture Answer % Correct
Cat
100%
Dog
100%
Fox
100%
Frog
100%
Moose
100%
Panda
100%
Shark
100%
Snake
100%
Spider
100%
Deer
95%
Goose
95%
Lemur
95%
Mouse
95%
Raccoon
95%
Owl
90%
Whale
90%
No matching quizzes found
Score Distribution
Percent of People with Each Score
Percentile by Number Answered
Your Score History
You have not taken this quiz